[Event "22nd OIBM 2018"]
[Site "Gmund am Tegernsee"]
[Date "2018.10.29"]
[Round "3"]
[White "Jahnz, Fabian"]
[Black "Brychcy, Felix"]
[Result "1-0"]
[WhiteElo "2244"]
[BlackElo "2081"]
[Annotator "TA"]
[PlyCount "37"]
[EventDate "2018.10.27"]
[EventType "swiss"]
[EventCountry "GER"]
[SourceTitle "playchess.com"]
[Source "ChessBase"]
[SourceQuality "1"]

{[%evp 33,37,46,54,17,35,25]} 1. e4 e5 2. Nf3 Nc6 3. Bc4 Bc5 4. c3 Nf6 5. d3 a6 6. O-O Ba7 7. Nbd2 {[%cal Bb1d2,Bd2f1,Bf1g3][%mdl 32]} d6 8. Bb3 O-O 9. h3 Ne7 10. Re1 Ng6 11. Nf1 Nh5 12. d4 Nhf4 13. Ng3 h6 14. Be3 Qf6 15. Bc2 Nh4 {C54: Giuoco Piano: 4 c3 Nf6, main lines with 5 d4 and 5 d3} 16. Nxh4 Qxh4 17. Qf3 g6 {[#] LiveBook: 5 Games} 18. Kh2 $146 ({Predecessor:} 18. Bxf4 Qxf4 19. Qxf4 exf4 20. Ne2 f3 21. Ng3 c5 22. d5 Re8 23. h4 fxg2 24. Kxg2 {1-0 (50) Ganguly,S (2668)-Kayumov,S (2505) Doha 2016}) 18... h5 {[%cal Rf4h3]} 19. Bxf4 {[%mdl 32768] Loss on Time!?} 1-0

[Event "22nd OIBM 2018"]
[Site "Gmund am Tegernsee"]
[Date "2018.10.29"]
[Round "3"]
[White "Ciolek, Andreas"]
[Black "Braun, Arik"]
[Result "0-1"]
[WhiteElo "2241"]
[BlackElo "2603"]
[Annotator "TA"]
[PlyCount "90"]
[EventDate "2018.10.27"]
[EventType "swiss"]
[EventCountry "GER"]
[SourceTitle "playchess.com"]
[Source "ChessBase"]
[SourceQuality "1"]

{[%evp 20,89,32,26,27,22,18,16,31,39,32,4,49,0,0,0,0,0,15,0,0,0,0,0,0,0,0,-30,-20,-18,0,0,0,0,0,-35,0,-75,-28,-59,-44,-95,0,0,0,0,0,-3,-28,-218,-210,-202,-212,-220,-220,-199,-204,-360,-360,-326,-303,-553,-540,-533,-499,-1355,-1320,-1200,-1014,-29978,-29979,-29999]} 1. e4 c6 2. d4 d5 3. e5 Bf5 4. h4 h5 5. Bd3 Bxd3 6. Qxd3 e6 7. Bg5 {B12: Caro-Kann: Advance Variation} Be7 8. Nf3 Nh6 9. Nc3 {[%cal Bb1c3,Bc3e2,Be2d4][%mdl 32]} Nf5 10. Ne2 Qa5+ 11. c3 {LiveBook: 3 Games} c5 12. dxc5 Qxc5 13. O-O {[#]} Nd7 $146 ({Predecessor:} 13... Bxg5 14. hxg5 g6 {1-0 (37) Sevian,S (2585)-Hernandez Carmenates,H (2510) Chicago 2017}) 14. Ned4 g6 15. Rac1 Rc8 16. Rfe1 Bxg5 17. hxg5 Nxd4 18. Nxd4 Ke7 {[%cal Be8e7,Be7f8,Bf8g7][%mdl 32]} 19. b3 a6 20. Qe3 Qa3 21. Rc2 Rc7 22. Rec1 Rhc8 23. g3 Kf8 24. Kg2 Kg7 25. f3 Qe7 26. Rh1 Rh8 27. Rh4 Rcc8 28. Rf4 (28. a4 $11) 28... Nb8 {[%cal Bd7b8,Bb8c6,Bc6b4,Bb4a2][%mdl 32]} 29. Ne2 Nc6 30. c4 (30. Rh4 $15) 30... dxc4 (30... Rhd8 $17) 31. Rfxc4 $11 Rhd8 32. Qf4 Qd7 33. Qf6+ Kg8 34. g4 $2 {[#]} (34. Nf4 $11 {and White stays safe.}) 34... Nb4 $1 $19 {[%cal Rb4c2][%mdl 512]} 35. Rxc8 (35. Rxb4 Rxc2) 35... Rxc8 36. Rxc8+ Qxc8 37. Nf4 ({Don't blunder} 37. gxh5 $2 Nd5 $19) 37... hxg4 38. fxg4 $2 (38. Kg3 Qe8 39. a3) 38... Nxa2 39. Qe7 Nc3 40. Nd3 $2 (40. Kf2 {was called for.}) 40... Qc6+ 41. Kf2 {and the idea Qd8+ leaves White hopeful.} Qd5 42. Qe8+ (42. Ke3 $142 Qe4+ 43. Kd2) 42... Kg7 43. Ke3 Qxb3 {aiming for ...Nd5+.} 44. Nc5 Nd5+ 45. Ke4 Qe3# {Precision: White = 29%, Black = 64%.} 0-1

[Event "22nd OIBM 2018"]
[Site "Gmund am Tegernsee"]
[Date "2018.10.29"]
[Round "3"]
[White "Koehler, Christian Friedrich"]
[Black "Fier, Alexandr"]
[Result "0-1"]
[WhiteElo "2241"]
[BlackElo "2558"]
[Annotator "TA"]
[PlyCount "103"]
[EventDate "2018.10.27"]
[EventType "swiss"]
[EventCountry "GER"]
[SourceTitle "playchess.com"]
[Source "ChessBase"]
[SourceQuality "1"]

{[%evp 11,103,-14,18,9,44,24,25,6,23,3,6,-16,-17,-21,-19,-20,-2,-7,0,-9,-8,-16,-8,-6,-15,-17,-14,-24,8,-41,-59,-60,-24,-35,-35,-29,-7,-15,-15,-12,-6,-16,-17,-51,14,-17,-14,-25,-9,-39,-20,-32,-29,-37,-15,-39,-43,-39,0,0,0,-143,-113,-136,-116,-136,-125,-203,-204,-369,-369,-341,-247,-348,-260,-213,-241,-493,-500,-689,-826,-1068,-917,-29988,-29989,-29994,-29990,-29990,-29991,-29991,-29992,-29992,-29993,-29996]} 1. d4 Nf6 2. Nf3 g6 3. e3 Bg7 4. Bd3 O-O 5. O-O d5 6. Nbd2 b6 {LiveBook: 9 Games} 7. c3 {D04: Colle System} (7. Qe2 Bb7 8. c3 Nbd7 9. Ne5 c5 10. f4 Ne4 11. Nxe4 dxe4 12. Ba6 Bxa6 13. Qxa6 Nf6 14. Qb7 e6 15. a4 {0-1 (37) Akbaev,K (2475)-Lagno,K (2542) Khanty-Mansiysk 2013}) 7... Ba6 8. Bxa6 Nxa6 9. Qe2 {White has an edge.} Qc8 10. e4 c5 $146 ({Predecessor:} 10... dxe4 11. Nxe4 c5 12. Nxf6+ Bxf6 13. Be3 cxd4 14. Bxd4 {½-½ (24) Calton,D-Kitsis,S East Lansing 1995}) 11. exd5 Nxd5 12. dxc5 Nxc5 13. Ne4 e6 14. Nxc5 Qxc5 15. c4 Nb4 16. a3 {Hoping for Be3.} Nc6 {[%cal Bb4c6,Bc6e5,Be5g4,Bg4e3][%mdl 32]} 17. Be3 Qh5 18. Rad1 Ne5 19. Rd2 Ng4 20. Rfd1 (20. Bf4 {with more complications.} e5 21. Bg3 Rae8 22. Rd5 Nh6 23. Qd1) 20... Nxe3 21. fxe3 Rac8 22. b3 Qc5 23. a4 Qa3 24. Rd3 a6 25. Nd4 Rc7 26. Kf2 Qe7 27. Nf3 {[#]} g5 (27... b5 $1 $15 {[%mdl 512]}) 28. Kg1 g4 29. Nd4 h5 30. e4 Be5 31. g3 Qg5 32. Nc2 Qg6 33. Rd7 Rxd7 34. Rxd7 f5 35. exf5 Qxf5 36. Qd3 {[#]} (36. Nd4 $11 {remains equal.} Bxd4+ 37. Rxd4) 36... Qf2+ $1 $17 37. Kh1 {[%csl Gd7][%cal Rd3h7]} Rf5 38. Rd8+ Kg7 39. Rd7+ {[#]} (39. b4 $17 {was worth a try.}) 39... Kf6 $1 $19 40. Rh7 $2 (40. Rd8 {is a better defense.}) 40... Qf1+ 41. Qxf1 Rxf1+ {[%mdl 4096] Endgame KRB-KRN} 42. Kg2 Rb1 {Threatens to win with ...Rb2.} 43. Nb4 Rb2+ 44. Kf1 $2 (44. Kh1) 44... Rxh2 45. Nxa6 Bxg3 46. c5 Bf4 47. cxb6 g3 {Black mates.} 48. b7 g2+ 49. Kf2 {[#]} Be3+ $1 {[%mdl 512]} 50. Kxe3 g1=Q+ 51. Kd3 Qc1 52. Kd4 {Precision: White = 28%, Black = 65%.} 0-1

[Event "22nd OIBM 2018"]
[Site "Gmund am Tegernsee"]
[Date "2018.10.29"]
[Round "3"]
[White "Wessendorf, Thomas"]
[Black "Braun, Michael"]
[Result "0-1"]
[WhiteElo "2235"]
[BlackElo "2365"]
[Annotator "TA"]
[PlyCount "60"]
[EventDate "2018.10.27"]
[EventType "swiss"]
[EventCountry "GER"]
[SourceTitle "playchess.com"]
[Source "ChessBase"]
[SourceQuality "1"]

{[%evp 21,60,12,15,-22,-15,-5,9,0,20,0,0,0,0,0,0,-5,35,-42,36,0,35,-9,-3,-86,-84,-77,-83,-83,-83,-79,-81,-77,-102,-182,-176,-179,-166,-227,-163,-218,-195]} 1. e4 c5 2. Nf3 {[%cal Bg1f3,Bf3d4,Bd4e2,Be2c1][%mdl 32]} d6 3. d4 cxd4 4. Nxd4 Nf6 5. Nc3 a6 6. h3 e5 7. Nde2 h5 {B90: Sicilian Najdorf: Unusual White 6th moves, 6 Be3 Ng4 and 6 Be3 e5} (7... b5 8. Ng3 Nbd7 9. Bg5 h6 10. Be3 Bb7 11. Bd3 h5 12. Bg5 g6 13. O-O Be7 14. a3 h4 15. Nge2 Nc5 16. Bxf6 Bxf6 {1-0 (48) Dominguez Perez,L (2739)-Vachier Lagrave,M (2779) chess.com INT 2018}) 8. g3 Be6 9. Bg2 Nbd7 10. Bg5 Be7 11. O-O b5 {LiveBook: 7 Games} 12. Nc1 $146 ({Predecessor:} 12. Nd5 Nxd5 13. exd5 Bf5 14. Bxe7 Kxe7 15. f4 {½-½ (25) Brodda,W (2591)-Sikorsky,H (2506) GER email 2016}) 12... Rc8 13. Nd3 Qb6 14. Be3 Qb7 15. Nb4 a5 16. Nbd5 Nxd5 17. Nxd5 Bxd5 18. exd5 h4 19. Qd2 (19. g4 $14) 19... Qc7 (19... hxg3 $15 20. fxg3 Bd8) 20. c3 a4 21. Qd3 Qc4 22. Rfd1 (22. Qxc4 $11 bxc4 23. g4) 22... Qxd3 $17 23. Rxd3 hxg3 24. fxg3 f5 25. Rd2 g5 {[%cal Bg7g5,Bg5f4][%mdl 32]} 26. Bf1 f4 $36 {[%mdl 2048] Black is in control.} 27. gxf4 (27. Bf2 $17) 27... gxf4 $19 {Black is clearly better.} 28. Bf2 Rb8 29. b4 (29. Bd3 $142) 29... Rg8+ 30. Kh2 (30. Kh1 $142) 30... e4 {Precision: White = 20%, Black = 55%.} 0-1

[Event "22nd OIBM 2018"]
[Site "Gmund am Tegernsee"]
[Date "2018.10.29"]
[Round "3"]
[White "Hinrichs, Lars"]
[Black "Kick, Joachim"]
[Result "1/2-1/2"]
[WhiteElo "2233"]
[BlackElo "2070"]
[Annotator "TA"]
[PlyCount "38"]
[EventDate "2018.10.27"]
[EventType "swiss"]
[EventCountry "GER"]
[SourceTitle "playchess.com"]
[Source "ChessBase"]
[SourceQuality "1"]

{[%evp 17,38,39,34,31,53,-12,19,7,9,8,39,10,16,0,0,0,0,-7,0,0,3,-25,13]} 1. e4 e5 2. Nf3 Nc6 3. Nc3 Nf6 4. Be2 d5 5. exd5 Nxd5 6. O-O Nxc3 7. bxc3 Bd6 {C47: Scotch Four Knights and Four Knights with 4 g3} (7... e4 8. Ne1 Bd6 9. f3 f5 10. fxe4 fxe4 11. Rb1 Qe7 12. d4 exd3 13. cxd3 Bd7 14. Rxb7 O-O-O 15. Rb2 {1-0 (29) Van Foreest,J (2629)-Giri,A (2752) Amstelveen 2017}) 8. d4 exd4 9. cxd4 O-O {LiveBook: 3 Games. White is slightly better.} 10. Bg5 f6 11. Bh4 ({Better is} 11. Be3 $14) 11... Bg4 $146 (11... g5 $5 {[%cal Rg5h4]} 12. Bg3 g4 13. Bc4+ Kg7 $11) ({Predecessor:} 11... Kh8 12. c3 Ne7 13. Bg3 Bxg3 14. hxg3 Bg4 15. Qb3 {½-½ (72) Litvinov,M (2024)-Vildanov,R (1963) Ufa 2015}) 12. c3 b6 13. Re1 Ne7 14. Nd2 Bxe2 15. Qxe2 Qd7 16. Qc4+ Kh8 17. f3 Rae8 18. Bf2 Nd5 19. Ne4 c6 {Precision: White = 36%, Black = 38%.} 1/2-1/2

[Event "22nd OIBM 2018"]
[Site "Gmund am Tegernsee"]
[Date "2018.10.29"]
[Round "3"]
[White "Bente, Bjoern"]
[Black "Milov, Leonid"]
[Result "1-0"]
[WhiteElo "2228"]
[BlackElo "2481"]
[Annotator "TA"]
[PlyCount "111"]
[EventDate "2018.10.27"]
[EventType "swiss"]
[EventCountry "GER"]
[SourceTitle "playchess.com"]
[Source "ChessBase"]
[SourceQuality "1"]

{[%evp 9,111,4,44,0,0,-4,-7,-5,8,0,-5,-31,-27,-28,-16,-26,-23,-33,-22,-59,-56,-61,-55,-58,-54,-62,-50,-56,-33,-35,-6,-28,-51,-112,-93,-93,-92,-114,-117,-108,-112,-107,-116,-116,-97,-177,-139,-137,-135,-141,-137,-143,-101,-122,-124,-184,-187,-183,-140,-131,-139,-164,-129,-127,-120,-136,-104,-164,-120,-173,-168,-188,-124,-113,-8,-8,-8,-8,-8,-8,-8,-8,0,0,0,0,0,0,0,0,0,0,0,0,0,0,0,0,0,0,0,0,0,0]} 1. e4 c5 2. Nf3 e6 3. b3 a6 4. Bb2 Nc6 5. c4 Rb8 $146 ({Predecessor:} 5... Nf6 6. e5 Ng4 7. h3 Nh6 8. g4 d6 9. Bg2 dxe5 10. Nxe5 Nxe5 11. Bxe5 f6 12. Bb2 Nf7 13. d4 cxd4 14. Qxd4 {0-1 (32) Onischuk,V (2637)-Svidler,P (2765) Riadh 2017}) 6. Nc3 {B40: Sicilian: 2...e6, Unusual lines} e5 7. Be2 d6 8. O-O g6 9. Nd5 Bg7 10. Ne1 Nf6 11. Nxf6+ Bxf6 12. Bg4 Be6 13. Nd3 O-O 14. Kh1 b5 15. Bxe6 fxe6 16. Bc3 Qe7 17. Qc2 Bg7 18. a3 Bh6 19. Qa2 a5 (19... Rfc8 {looks sharper.} 20. Rab1 Bg7 21. f3 h5 22. Kg1 Kh7) 20. cxb5 (20. b4 {is more complex.} cxb4 21. axb4 bxc4 22. Qxc4 axb4 23. Nxb4 Nxb4 24. Bxb4 Qd7 25. Rab1) 20... Rxb5 21. b4 ({White should try} 21. Rab1 $15) 21... axb4 22. axb4 Nxb4 23. Bxb4 cxb4 24. Rab1 Rfb8 $36 {[%mdl 2048] Keeping White busy.} 25. Rb3 Bg7 26. Rfb1 {[%cal Rb3b4]} d5 27. Qa4 (27. f3 $17) 27... Bf8 {And now ...Qb7 would win.} 28. Nxe5 {With the idea Nc6.} Qb7 29. Qa2 dxe4 30. Ng4 Bg7 31. Ne3 Qc6 {Hoping for ...Rc5.} 32. Qc2 (32. Kg1 $17) 32... Qxc2 $1 $19 33. Nxc2 Rc8 34. Ne3 Bf8 35. g3 Ra5 36. Kg2 h5 37. h4 Kf7 38. Kf1 (38. d3 $17 {might work better.}) 38... Kf6 39. Ke2 {[#]} (39. R3b2 $17 {keeps fighting.}) 39... Ra2 $1 40. R3b2 Ra4 ({Black should play} 40... Rxb2 $19 41. Rxb2 Ke5) 41. Nc2 $17 {[%cal Rc2b4] [#]} Rc4 (41... Rb8 $1 $17 42. Nd4 Bc5) 42. d3 $1 $11 {[%cal Rd3c4] The position is equal.} exd3+ 43. Kxd3 Rc3+ 44. Kd2 Bh6+ 45. Kd1 $1 Rd3+ 46. Ke1 Rd6 47. Nxb4 Kf5 48. Kf1 e5 49. Ra2 Rxa2 50. Nxa2 {[%mdl 4096] Endgame KRB-KRN} Rc6 51. Rb2 Bf8 52. Nb4 Rc4 53. Nd5 Bc5 54. Re2 Rc1+ 55. Kg2 Bd4 56. Ne3+ {[%mdl 32768] Precision: White = 63%, Black = 47%. . Loss on Time!?} 1-0

[Event "22nd OIBM 2018"]
[Site "Gmund am Tegernsee"]
[Date "2018.10.29"]
[Round "3"]
[White "Stolte, Alexander"]
[Black "Boehm, Uwe"]
[Result "1-0"]
[WhiteElo "2218"]
[BlackElo "2065"]
[Annotator "TA"]
[PlyCount "31"]
[EventDate "2018.10.27"]
[EventType "swiss"]
[EventCountry "GER"]
[SourceTitle "playchess.com"]
[Source "ChessBase"]
[SourceQuality "1"]

{[%evp 12,31,60,54,158,167,125,141,124,141,157,141,168,183,173,180,180,189,294,296,282,297]} 1. d4 d5 2. Nf3 Bf5 3. c4 e6 4. Nc3 Nc6 5. cxd5 exd5 6. Qb3 Nb4 7. e4 $1 {[%cal Re4f5] LiveBook: 9 Games. D06: Queen's Gambit: Symmetrical and Baltic Defences} Qe7 {[#]} ({Black should play} 7... dxe4 $14 8. Ne5 (8. Bb5+ c6 $11) 8... Be6) (7... Be6 8. exd5 Bxd5 9. Nxd5 Qxd5 10. Bc4 Qe4+ 11. Be3 Nc2+ 12. Ke2 O-O-O 13. Bd3 Nxa1 14. Qa4 Qe6 15. Qxa7 {½-½ (38) Riazantsev,A (2708)-Bezgodov,A (2482) Khanty-Mansiysk 2013}) 8. a3 $1 $16 {[%cal Ra3b4]} dxe4 9. Ne5 {White is better.} f6 10. Nd5 Nxd5 $146 ({Predecessor:} 10... Qd6 11. axb4 fxe5 12. dxe5 Qxe5 13. Bf4 Bxb4+ 14. Qxb4 Qxd5 {1-0 (22) Gillam,S-Granat,R England 1983}) 11. Qxb7 fxe5 12. Qxa8+ Qd8 13. Bb5+ Ke7 14. Bg5+ ({And not} 14. Qxa7 Qd6 $14) 14... Ngf6 {[#]} (14... Ndf6 {was worth a try.} 15. Qxd8+ (15. Qxa7 h6 $16) 15... Kxd8) 15. Qxd8+ $1 $18 ({Inferior is} 15. Qxa7 exd4 16. Qxd4 Be6 $11) 15... Kxd8 16. dxe5 1-0

[Event "22nd OIBM 2018"]
[Site "Gmund am Tegernsee"]
[Date "2018.10.29"]
[Round "3"]
[White "Oberhofer, Cedric"]
[Black "Caspi, Israel"]
[Result "1/2-1/2"]
[WhiteElo "2213"]
[BlackElo "2471"]
[Annotator "TA"]
[PlyCount "98"]
[EventDate "2018.10.27"]
[EventType "swiss"]
[EventCountry "GER"]
[SourceTitle "playchess.com"]
[Source "ChessBase"]
[SourceQuality "1"]

{[%evp 14,98,53,27,52,40,25,29,32,37,72,62,62,-30,-12,-16,-18,-21,8,-38,-8,0,0,0,6,0,3,0,6,0,7,0,0,0,0,-7,27,-18,0,0,0,-8,-16,-46,-19,-19,-27,-33,-21,-22,-33,-49,-42,-51,-41,-69,-31,-29,0,0,22,22,22,22,22,22,22,22,22,0,0,0,25,24,15,0,0,0,0,0,0,0,0,0,0,0,6]} 1. d4 Nf6 2. c4 e6 3. Nf3 d5 4. g3 dxc4 5. Bg2 a6 6. O-O Nc6 7. e3 Rb8 8. Qe2 {[%mdl 1024] LiveBook: 58 Games. White has compensation. E04: Open Catalan: 5 Nf3} Bd6 (8... b5 9. b3 cxb3 10. axb3 Bd6 11. Rd1 Qe7 12. Bb2 O-O 13. Rc1 Bb7 14. Ne5 Nb4 15. Bxb7 Rxb7 {1-0 (52) So,W (2778)-Mamedyarov,S (2808) Leuven 2018}) 9. Rd1 $146 ({Predecessor:} 9. Qxc4 Bd7 10. Nbd2 O-O 11. Qc2 Nb4 12. Qb3 a5 13. e4 Be7 14. a3 a4 15. Qc4 b5 {½-½ (31) Kuzubov,Y (2690)-Szabo,G (2563) Heraklio 2017}) 9... Qe7 10. e4 {[#] e5 is the strong threat.White has an edge.} e5 11. d5 Na5 {[%cal Bc6a5,Ba5b7,Bb7c5,Bc5a4][%mdl 32]} 12. Bd2 b6 {[%cal Bb7b6,Bb6b5][%mdl 32]} 13. Bc3 ({White should try} 13. Na3 $14) 13... Nb7 $1 $11 14. Qxc4 Nc5 $36 {[%mdl 2048] White is under pressure.} 15. Nh4 O-O 16. Qe2 b5 (16... Bg4 $5 {[%cal Rg4e2]} 17. f3 Bd7 $11) 17. b4 Na4 18. a3 g6 19. Bd2 Bg4 20. Bf3 Bd7 21. Bg5 Rfc8 22. Ra2 c5 23. dxc6 $1 Rxc6 24. Rc2 Rbc8 25. Rdc1 Kg7 26. Rxc6 Rxc6 27. Rxc6 Bxc6 28. Ng2 Qe6 29. Qc2 Bb7 30. Ne3 h6 31. Bxf6+ $1 Qxf6 32. Bg2 Bb8 {[%cal Bd6b8,Bb8a7,Ba7d4][%mdl 32]} 33. Nd2 Ba7 34. Qd3 Bd4 35. Nf3 Nb2 36. Qd2 Nc4 37. Nxc4 bxc4 38. Nxd4 exd4 {[#]} 39. e5 $1 {[%cal Re5f6][%mdl 512]} Qb6 (39... Qxe5 40. Bxb7) 40. Bxb7 {Threatens to win with Bd5.} c3 41. Qd3 {And now Be4 would win.} Qxb7 42. Qxd4 {[%mdl 4096] Endgame KQ-KQ} Qf3 43. e6+ $1 Qf6 44. Qc4 {The position is equal.} fxe6 45. Qc7+ Kh8 46. Qc8+ Kh7 47. Qc7+ Kh8 48. Qc8+ Kh7 49. Qc7+ Kh8 {Precision: White = 63%, Black = 60%.} 1/2-1/2

[Event "22nd OIBM 2018"]
[Site "Gmund am Tegernsee"]
[Date "2018.10.29"]
[Round "3"]
[White "Ehrke, Michael"]
[Black "Basener, Winfried"]
[Result "1/2-1/2"]
[WhiteElo "2212"]
[BlackElo "2064"]
[Annotator "TA"]
[PlyCount "30"]
[EventDate "2018.10.27"]
[EventType "swiss"]
[EventCountry "GER"]
[SourceTitle "playchess.com"]
[Source "ChessBase"]
[SourceQuality "1"]

{[%evp 13,30,19,39,31,49,52,67,52,49,52,52,32,86,62,52,44,50,46,56]} 1. d4 Nf6 2. Nf3 e6 3. Bf4 b6 4. e3 Bb7 5. Nbd2 Be7 6. h3 Ne4 {A47: 1 d4 Nf6 2 Nf3 b6: Torre, London and Colle Systems} (6... O-O 7. Bd3 c5 8. O-O cxd4 9. exd4 d6 10. a4 a6 11. c4 Nc6 12. Qb3 d5 13. c5 Nd7 14. Rfc1 a5 15. cxb6 Nxb6 {0-1 (36) Naiditsch,A (2705)-Ponomariov,R (2694) Riadh 2017}) 7. Bd3 f5 {LiveBook: 8 Games} 8. Qe2 Nxd2 9. Nxd2 Bf6 $146 ({Predecessor:} 9... c5 10. O-O-O O-O 11. Rhg1 Nc6 12. c3 cxd4 13. exd4 Bg5 14. Bxg5 Qxg5 {1-0 (34) Miltner,A (2380)-Gschwendtner,M (2245) Germany 2003}) 10. O-O O-O 11. c3 d6 12. Bh2 Bg5 ({Better is} 12... Nd7 $14) 13. Rad1 Nd7 {White is slightly better.} 14. f4 Bh6 15. e4 g6 {Precision: White = 62%, Black = 37%.} 1/2-1/2

[Event "22nd OIBM 2018"]
[Site "Gmund am Tegernsee"]
[Date "2018.10.29"]
[Round "3"]
[White "Schneider, Jana"]
[Black "Miller, Eduard"]
[Result "1-0"]
[WhiteElo "2174"]
[BlackElo "2383"]
[Annotator "TA"]
[PlyCount "101"]
[EventDate "2018.10.27"]
[EventType "swiss"]
[EventCountry "GER"]
[SourceTitle "playchess.com"]
[Source "ChessBase"]
[SourceQuality "1"]

{[%evp 19,101,22,29,9,8,4,1,-8,0,0,22,0,14,20,38,33,32,-29,0,0,0,-20,9,0,75,0,45,41,47,0,38,44,35,28,57,8,21,0,6,-10,-12,-16,-7,-2,0,-18,41,37,38,33,40,33,53,58,64,76,155,167,345,352,342,291,288,281,284,282,465,458,473,427,512,513,577,477,453,367,347,343,384,299,337,375,322,267]} 1. e4 e5 2. Nf3 Nc6 3. Bc4 Bc5 4. c3 Nf6 5. d3 d6 6. O-O a6 7. Bb3 Ba7 8. Re1 h6 9. Nbd2 O-O 10. Nf1 Nh5 {LiveBook: 9 Games. C54: Giuoco Piano: 4 c3 Nf6, main lines with 5 d4 and 5 d3} (10... Re8 11. Ng3 Be6 12. Bc2 d5 13. exd5 Bxd5 14. Be3 Bxe3 15. Rxe3 Qd7 16. h3 Re7 17. Qd2 Rae8 18. Rae1 {0-1 (27) Aronian,L (2764)-Karjakin,S (2782) Leuven 2018}) 11. Ng3 Nxg3 12. hxg3 Bg4 {The position is equal.} 13. Be3 Bxe3 $146 ({Predecessor:} 13... Qf6 14. Bxa7 Rxa7 15. Re3 Raa8 16. Qd2 Rad8 17. Rf1 Be6 18. Nh4 Bxb3 19. axb3 {0-1 (30) Samuelson,A (2185)-Darmanovic,S (2211) Washington DC 2015}) 14. Rxe3 g6 15. Qd2 Kg7 16. d4 Qe7 17. Nh2 Bd7 18. g4 (18. Bd5 $14) 18... Qg5 19. Bd1 Rae8 20. d5 Nb8 21. c4 Kh8 (21... Bc8 $11) 22. Qe2 (22. Nf3 $16 Qd8 23. Rb3) 22... f5 23. gxf5 gxf5 24. Qh5 Rg8 {[%csl Gg8][%cal Rg5g2] [#]} 25. Qxg5 Rxg5 26. Nf3 Rg7 27. exf5 Bxf5 28. Nh4 Bh7 $1 29. Bh5 Rf8 30. Rc1 Rf4 31. Rh3 Nd7 32. Be2 e4 (32... Rgf7 $11) 33. g3 $14 Ne5 34. Ng2 $36 {[%mdl 2048] White has good play.} Rf6 35. Kf1 Nd3 36. Bxd3 $1 exd3 37. Nf4 d2 (37... Re7 $142) 38. Rd1 $16 Rxf4 $2 (38... Be4 {keeps fighting.}) 39. gxf4 $18 {[%mdl 4096] Endgame KRR-KRB} Rg4 40. Rxd2 Rxf4 41. b3 ({Resist} 41. Rxh6 $6 Kg7 $18) 41... Kg7 42. Re2 Bf5 $2 (42... Be4 43. Re1 Bg6) 43. Re7+ Kf6 44. Rhe3 h5 45. Rxc7 h4 46. Re8 h3 47. Rh8 b5 48. Kg1 Ke5 49. Rg8 Be4 50. Rg5+ Kd4 {[#]} 51. c5 $1 {Precision: White = 56%, Black = 25%.} 1-0

[Event "22nd OIBM 2018"]
[Site "Gmund am Tegernsee"]
[Date "2018.10.29"]
[Round "3"]
[White "Stock, Christoph"]
[Black "Pezerovic, Edin"]
[Result "0-1"]
[WhiteElo "2174"]
[BlackElo "2420"]
[Annotator "TA"]
[PlyCount "52"]
[EventDate "2018.10.27"]
[EventType "swiss"]
[EventCountry "GER"]
[SourceTitle "playchess.com"]
[Source "ChessBase"]
[SourceQuality "1"]

{[%evp 11,52,0,23,-11,-9,0,-4,-8,-10,-13,-14,-17,-25,-9,-18,-30,-25,-64,-64,-62,-64,-73,-70,-65,-66,-145,-157,-347,-331,-389,-417,-405,-398,-398,-381,-402,-380,-448,-455,-582,-570,-4894,-3092]} 1. e4 c6 2. Nf3 d5 3. exd5 cxd5 4. Ne5 Nc6 5. d4 Nf6 (5... e6 6. Bb5 Bd7 7. Nxd7 Qxd7 8. c3 Nf6 9. O-O Bd6 10. Nd2 Qc7 11. g3 O-O 12. Bd3 Rab8 {1-0 (50) Bauer,C (2629)-Berkes,F (2678) Batumi 2018}) 6. Bb5 {B10: Caro-Kann: 2 d3 and 2 c4} Qb6 {LiveBook: 4 Games} 7. Qd3 Nd7 $146 ({Predecessor:} 7... Bd7 8. Nxd7 Nxd7 9. Bxc6 bxc6 10. O-O e6 11. Nc3 Bd6 12. b3 Rc8 13. Be3 {0-1 (48) Oszmian,N (1761)-Stachowicz,F (1680) Kowalewo Pomorskie 2009}) 8. O-O {The position is equal.} e6 9. c3 Ndxe5 10. dxe5 Bd7 11. Bxc6 bxc6 12. Qg3 c5 13. Na3 Qa6 14. f4 g6 15. Qf2 Be7 16. Be3 Rc8 17. Nc2 O-O 18. b4 (18. Rfd1 $15) 18... Ba4 $17 19. Ne1 $2 {[#]} (19. Rfc1 $17) 19... Bb5 20. Nf3 Bxf1 21. Rxf1 cxb4 22. cxb4 Qd3 23. Bxa7 Rc2 24. Qg3 Rxa2 {Black is clearly winning.} 25. Bd4 Rc8 26. Bc5 Rxc5 {Precision: White = 36%, Black = 85%.} 0-1